000 00317nam a2200145Ia 4500
100 _aFontana/ Mars G.
942 _cBK
654 _aCorrosion Engineering
245 _aCorrosion Engineering
260 _bMcGraw Hill
_aNew York
_c1987
082 _a620.1
_bFon
300 _a556
546 _aENGLISH
999 _c34535
_d34535